01167nam a2200193Ia 4500003000900000005001700009008004100026040003100067040001300098041000800111100001800119100000800137245009500145250001100240260004700251300001800298490002100316520063600337IT-RoPAU20220918175843.0120407s9999 xx 000 0 und d aIT-RoPAUc20140321153809.0 cIT-RoPAU aita aOlinto Crespi ccur aCatechesi paolinabSchede di riferimento sui contenuti specifici della formazione paolina. a1° ed c1986aRomabCentro Promozione e Formazione a358 p.c24 cm aEdizioni Paoline aIndice generale Presentazione Introduzione Schema generale Fonti Magistero Bibliografia Siglario 1. Il fondatore: don Giacomo Alberione 2. Società San Paolo e Famiglia Paolina 3. I cardini della spiritualità paolina: Gesù Maestro Via Verità e VIta 3. I cardini della spiritualità paolina: Maria SS.ma Regina degli Apostoli 3. I cardini della spiritualità paolina: San Paolo Apostolo 3. I cardini della spiritualità paolina: Le altre devozioni "settimanali" 4. La preghiera paolina 5. La missione paolina: l'apostolato 6. La formazione culturale: lo studio 7. La povertà e i valori umani in don Alberione Appendici